Statistiques concernant 15 principaux pays touchés par Covid-19 - 16 mars 2022

Cliquez ici pour prendre le quiz!

Statistiques générales

  • Ce quiz a été pris 30 fois
  • Le résultat moyen est 14 sur 29

Statistiques - réponses

pays% Correct
France
100%
États-Unis
96%
Espagne
93%
Allemagne
89%
Russie
89%
Italie
85%
Royaume-Uni
85%
Brésil
81%
Portugal
81%
Inde
78%
Argentine
52%
Belgique
52%
Suisse
52%
Pays-Bas
44%
Pays-Bas
44%
Autriche
41%
Turquie
41%
Corée du Sud
37%
Danemark
30%
Iran
30%
Israël
15%
Tchèquie
15%
Slovénie
11%
Estonie
7%
Lettonie
7%
Lituanie
7%
Viêt Nam
7%
Bahreïn
0%
Géorgie
0%

Distribution des résultats

Percentile par nombre de réponses

% des personnes avec chaque résultat

Votre développement - résultats

Vous n’avez pas pris ce quiz